Guess the Blackpink Song by Lisa's Lines - Statistics

General Stats
  • This quiz has been taken 75 times
  • The average score is 7 of 13
Answer Stats
Line Song % Correct
"Say bye to the paparazzi, get my good side, i'll smile for you" Shut Down
92%
"I don't want a boy, I need a man" Boombayah
88%
"No love letters, no X and O's. No love, never, my exes know" Lovesick Girls
88%
"Black paint ammo, got bodies like Rambo. Rest in piece, please light up the candle" Pink Venom
88%
"Double tap-tap-tap what everybody like" Typa Girl
65%
"Girls wanna have some fun, we go dumb dumb dumb" Forever Young
55%
"Your girl need it all and that's a hundred" How You Like That
55%
"Wake up, yeah, makeup, maybe. I need you? Nah, I been good lately" Love to Hate me
53%
"All my diamonds, they yellow or bright white" Pretty Savage
40%
"Don't 'pologize for my behavior. If you're offended, I don't care" Tally
33%
"Eyes have been callin' me baby, body been tellin' me take me" Really
27%
"Never needed nothin' else, just a lil' love from myself" Kick It
25%
"What if love wasn't what it was supposed to be? What if there's no Romeo for me?" Ready For Love
20%
No matching quizzes found
Score Distribution
Percent of People with Each Score
Percentile by Number Answered
Your Score History
You have not taken this quiz